000 01245nam a2200397 i 4500
001 44877
003 KOSZ 005
005 20240405063147.0
008 041015s2004 pl a f |000 0 pol
020 _a8301129166
040 _cKOSZ 005
_aKOSZ 005
_dKOSZ 005/HR
041 0 _apol
046 _k1999
080 _a332.7(438)"1989/..."
100 1 _aKucharska-Stasiak, Ewa
_eAutor
245 1 0 _aNieruchomość a rynek /
_cEwa Kucharska-Stasiak.
250 _aWyd. 2 zm. (dodr. 3).
260 _aWarszawa :
_bWydaw. Naukowe PWN,
_c2004.
300 _a261, [3] s. :
_bil. ;
_c21 cm.
336 _2rdacontent
_aTekst
_btxt
337 _2rdamedia
_aBez urządzenia pośredniczącego
_bn
338 _2rdacarrier
_aWolumin
_bnc
380 _aKsiążki
388 _a1901-2000
388 _a1989-2000
504 _aBibliogr.
648 7 _a1901-2000
648 7 _a1989-2000
650 7 _aRynek nieruchomości
650 7 _aInwestycje
651 7 _aPolska
658 _aGospodarka, ekonomia, finanse
710 2 _aWydawnictwo Naukowe PWN
_4pbl.
856 _uhttp://koha.tu.koszalin.pl/cgi-bin/koha/opac-detail.pl?biblionumber=44877
_yKatalog online BPK
942 _cKS
_2UKD
999 _c44877
_d44877